[Event "KOS-chT"]
[Site "Pristina"]
[Date "2019.05.05"]
[Round "7.2"]
[White "Fejzullahu, Afrim"]
[Black "Salihu, Sami"]
[Result "0-1"]
[WhiteElo "2216"]
[BlackElo "2183"]
[PlyCount "80"]
[EventDate "2019.04.29"]
[EventType "team-tourn"]
[EventRounds "7"]
[EventCountry "KOS"]
[SourceTitle "CBM 190 Extra"]
[Source "ChessBase"]
[SourceDate "2019.07.15"]
[SourceVersion "1"]
[SourceVersionDate "2019.07.15"]
[SourceQuality "1"]
[WhiteTeam "Drejtesia"]
[BlackTeam "Dardania"]
[WhiteTeamCountry "KOS"]
[BlackTeamCountry "KOS"]

1. e4 c5 2. Nf3 d6 3. d4 cxd4 4. Nxd4 Nf6 5. Nc3 a6 6. f3 e5 7. Nb3 Be6 8. Bg5 Be7 9. Bxf6 Bxf6 10. Nd5 Bg5 11. g3 0-0 12. Bg2 Nc6 13. 0-0 Bxd5 14. Qxd5 Qb6+ 15. Kh1 Nb4 16. Qd1 Rfd8 17. c3 Nc6 18. h4 Bh6 19. Qe2 a5 20. Rfd1 a4 21. Nc1 a3 22. b3 Qc5 23. Qe1 Rac8 24. Nd3 Qe3 25. Qf1 d5 26. Nf2 Qxc3 27. exd5 Nd4 28. Ne4 Qb4 29. f4 f5 30. fxe5 fxe4 31. Bxe4 Nxb3 32. Bxh7+ Kxh7 33. Qd3+ Kh8 34. axb3 Rc5 35. Qf5 Qxb3 36. Rd3 Qb2 37. Rdd1 Rcxd5 38. Rdb1 Qc3 39. Qg6 Qf3+ 40. Kh2 Rxe5 0-1

[Event "KOS-chT"]
[Site "Pristina"]
[Date "2019.05.04"]
[Round "6.2"]
[White "Ademi, Sami"]
[Black "Fejzullahu, Afrim"]
[Result "1/2-1/2"]
[WhiteElo "2249"]
[BlackElo "2216"]
[PlyCount "134"]
[EventDate "2019.04.29"]
[EventType "team-tourn"]
[EventRounds "7"]
[EventCountry "KOS"]
[SourceTitle "CBM 190 Extra"]
[Source "ChessBase"]
[SourceDate "2019.07.15"]
[SourceVersion "1"]
[SourceVersionDate "2019.07.15"]
[SourceQuality "1"]
[WhiteTeam "Prishtina"]
[BlackTeam "Drejtesia"]
[WhiteTeamCountry "KOS"]
[BlackTeamCountry "KOS"]

1. e4 e5 2. Nf3 Nc6 3. Bb5 a6 4. Bxc6 dxc6 5. h3 f6 6. 0-0 c5 7. d3 Be6 8. c3 Qd7 9. Be3 0-0-0 10. Ne1 Bd6 11. Na3 Ne7 12. Nc4 f5 13. Nxd6+ Qxd6 14. f3 f4 15. Bf2 g5 16. Qa4 Nc6 17. Rd1 h5 18. Qa3 g4 19. Bxc5 Qd7 20. hxg4 hxg4 21. Kf2 Rh2 22. Rg1 Qg7 23. Rd2 gxf3 24. Nxf3 Qg3+ 25. Kf1 Rxg2 26. Rgxg2 Qxf3+ 27. Ke1 Bh3 28. Rg1 Rxd3 29. Rxd3 Qxd3 30. Qa4 Qb1+ 31. Kd2 Qxb2+ 32. Qc2 Qxc2+ 33. Kxc2 b6 34. Bf2 Be6 35. Kd3 Bxa2 36. Ra1 Bb3 37. Rxa6 Kd7 38. Ra1 b5 39. Rh1 Bc4+ 40. Kd2 Be6 41. Bc5 Na5 42. Rh7+ Kc6 43. Be7 Nc4+ 44. Ke2 Bg4+ 45. Kd3 Bf3 46. Bd8 Nb2+ 47. Kd2 Bxe4 48. Rxc7+ Kd6 49. Rf7 Bd5 50. Rf6+ Kd7 51. Bb6 Ke7 52. Rh6 Nc4+ 53. Ke1 Nxb6 54. Rxb6 Bc4 55. Rh6 Kf7 56. Kf2 Kg7 57. Rd6 e4 58. Rd4 Bd3 59. Rd8 Kf6 60. Rd4 Ke5 61. Rd8 e3+ 62. Kf3 Be4+ 63. Ke2 Bd5 64. Re8+ Kf5 65. Rd8 Ke4 66. Re8+ Kf5 67. Rd8 Ke4 1/2-1/2

[Event "EU-chT (Men) 20th"]
[Site "Reykjavik"]
[Date "2015.11.19"]
[Round "6.1"]
[White "Fejzullahu, Afrim"]
[Black "Kveinys, Aloyzas"]
[Result "0-1"]
[WhiteElo "2332"]
[BlackElo "2510"]
[PlyCount "84"]
[EventDate "2015.11.13"]
[EventType "team-swiss"]
[EventRounds "9"]
[EventCountry "ISL"]
[SourceTitle "CBM 170"]
[Source "ChessBase"]
[SourceDate "2016.01.15"]
[SourceVersion "1"]
[SourceVersionDate "2016.01.15"]
[SourceQuality "1"]
[WhiteTeam "Kosovo"]
[BlackTeam "Lithuania"]
[WhiteTeamCountry "KOS"]
[BlackTeamCountry "LTU"]

1. e4 c5 2. Nf3 e6 3. d4 cxd4 4. Nxd4 a6 5. Nc3 Qc7 6. Be3 Nf6 7. a3 b5 8. f3 h5 9. Qd2 Bb7 10. h4 b4 11. axb4 Bxb4 12. Ra4 Be7 13. Nb3 d5 14. exd5 Nxd5 15. Nxd5 Bxd5 16. Kf2 0-0 17. g4 Bxf3 18. Rc4 Nc6 19. Bf4 Qb7 20. Rh2 hxg4 21. Bg2 Rad8 22. Qe3 Qb5 23. Bf1 Qd5 24. h5 e5 25. Bg5 e4 26. Bf4 Bd6 27. h6 Bxf4 28. Qxf4 Qd6 29. Qxd6 Rxd6 30. hxg7 Kxg7 31. Ke3 Ne7 32. Nd4 Rfd8 33. c3 Rf6 34. Rc5 Rd5 35. Rc7 Nf5+ 36. Nxf5+ Rdxf5 37. Rc8 g3 38. Rhh8 Rg6 39. Bh3 g2 40. Rcg8+ Kf6 41. Rxg6+ fxg6 42. Bxg2 Bxg2 0-1

[Event "SUI-chT"]
[Site "Switzerland"]
[Date "2015.09.05"]
[Round "6.1"]
[White "Degtiarev, Evgeny"]
[Black "Fejzullahu, Afrim"]
[Result "0-1"]
[WhiteElo "2425"]
[BlackElo "2332"]
[PlyCount "86"]
[EventDate "2015.03.29"]
[EventType "team-tourn"]
[EventRounds "9"]
[EventCountry "SUI"]
[SourceTitle "EXT 2016"]
[Source "ChessBase"]
[SourceDate "2015.10.08"]
[SourceVersion "1"]
[SourceVersionDate "2015.10.08"]
[SourceQuality "1"]
[WhiteTeam "Reti"]
[BlackTeam "Neuchatel"]
[WhiteTeamCountry "SUI"]
[BlackTeamCountry "SUI"]

1. d4 Nf6 2. c4 g6 3. Nc3 Bg7 4. e4 d6 5. Nf3 0-0 6. Be2 e5 7. Be3 Ng4 8. Bg5 f6 9. Bh4 g5 10. Bg3 Nh6 11. d5 f5 12. exf5 Nxf5 13. Nd2 c5 14. Bd3 Nd4 15. h4 g4 16. Nde4 Bf5 17. h5 h6 18. Rh4 Na6 19. Ne2 b5 20. Nxd4 cxd4 21. cxb5 Nb4 22. a3 Nxd3+ 23. Qxd3 Rc8 24. Qe2 Qa5+ 25. Kf1 Bxe4 26. Qxe4 Qxb5+ 27. Kg1 Qxb2 28. Rf1 Qc2 29. Qxg4 Qf5 30. Qe2 Rc2 31. Qd1 Rfc8 32. f3 Qg5 33. Rg4 Qxh5 34. f4 Kh8 35. Rxg7 Qxd1 36. Rxd1 Kxg7 37. fxe5 Rc1 38. Rxc1 Rxc1+ 39. Kf2 Rc2+ 40. Ke1 Rxg2 41. exd6 Kf7 42. Bh4 Ke8 43. Bf6 d3 0-1

[Event "SUI-chT"]
[Site "Switzerland"]
[Date "2015.04.25"]
[Round "2.2"]
[White "Fejzullahu, Afrim"]
[Black "Colmenares, Aurelio"]
[Result "1/2-1/2"]
[WhiteElo "2332"]
[BlackElo "2366"]
[PlyCount "104"]
[EventDate "2015.03.29"]
[EventType "team-tourn"]
[EventRounds "9"]
[EventCountry "SUI"]
[SourceTitle "EXT 2016"]
[Source "ChessBase"]
[SourceDate "2015.10.08"]
[SourceVersion "1"]
[SourceVersionDate "2015.10.08"]
[SourceQuality "1"]
[WhiteTeam "Neuchatel"]
[BlackTeam "Echallens"]
[WhiteTeamCountry "SUI"]
[BlackTeamCountry "SUI"]

1. e4 c5 2. Nf3 Nc6 3. d4 cxd4 4. Nxd4 Nf6 5. Nc3 e5 6. Ndb5 d6 7. Bg5 a6 8. Na3 b5 9. Nd5 Be7 10. Bxf6 Bxf6 11. c3 0-0 12. Nc2 Bg5 13. g3 Ne7 14. h4 Bh6 15. Nxe7+ Qxe7 16. Nb4 Bb7 17. Nd5 Bxd5 18. Qxd5 Rac8 19. Bg2 Rc5 20. Qd3 d5 21. 0-0 dxe4 22. Qxe4 f5 23. Qe2 e4 24. f4 Rfc8 25. Rfd1 g6 26. Rd2 Bf8 27. Rad1 Qe6 28. a3 a5 29. Bf1 Be7 30. Rd7 b4 31. axb4 axb4 32. cxb4 Rc2 33. Qa6 Qb3 34. Qa3 Qxb4 35. Qxb4 Bxb4 36. Rd8+ Rxd8 37. Rxd8+ Kg7 38. Re8 Kf7 39. Rh8 e3 40. h5 e2 41. Bxe2 Rxe2 42. Rxh7+ Kf6 43. Rh6 Bc5+ 44. Kh1 Rxb2 45. Rxg6+ Ke7 46. Rg5 Bf2 47. h6 Rb6 48. Kg2 Bd4 49. Rxf5 Rxh6 50. Kf3 Ra6 51. g4 Ra3+ 52. Ke4 Bf2 1/2-1/2

[Event "SUI-chT"]
[Site "Switzerland"]
[Date "2014.10.11"]
[Round "8.4"]
[White "Fejzullahu, Afrim"]
[Black "Lipecki, Alexander"]
[Result "1-0"]
[WhiteElo "2299"]
[BlackElo "2087"]
[PlyCount "97"]
[EventDate "2014.03.16"]
[EventType "team-tourn"]
[EventRounds "9"]
[EventCountry "SUI"]
[SourceTitle "EXT 2015"]
[Source "ChessBase"]
[SourceDate "2014.11.20"]
[SourceVersion "1"]
[SourceVersionDate "2014.11.20"]
[SourceQuality "1"]
[WhiteTeam "Neuchatel"]
[BlackTeam "Trubschachen"]
[WhiteTeamCountry "SUI"]
[BlackTeamCountry "SUI"]

1. e4 e6 2. d4 d5 3. Nc3 Nf6 4. e5 Nfd7 5. f4 c5 6. Nf3 Nc6 7. Be3 Qb6 8. Qd2 Qxb2 9. Rb1 Qa3 10. Bb5 c4 11. Ne2 Nb4 12. 0-0 Nxc2 13. Qxc2 Qxe3+ 14. Kh1 a6 15. Bxd7+ Bxd7 16. Rxb7 Qd3 17. Ne1 Qxc2 18. Nxc2 g6 19. Rfb1 Kd8 20. Nc3 Kc8 21. Ne3 Be7 22. g4 Bd8 23. Kg2 Bc7 24. f5 Bc6 25. R7b2 Bxe5 26. dxe5 d4+ 27. Kf2 dxc3 28. Rb4 Kc7 29. Rxc4 Rab8 30. Rc1 Rb2+ 31. Kg3 Kb6 32. R4xc3 Bd5 33. f6 h5 34. Nxd5+ exd5 35. Rc6+ Kb5 36. Rc7 Rxa2 37. Rb7+ Ka5 38. Rxf7 Ra3+ 39. Kh4 hxg4+ 40. Kxg4 Rxh2 41. Rd7 Rg2+ 42. Kh4 Rh2+ 43. Kg5 Rh5+ 44. Kxg6 Rxe5 45. f7 Re6+ 46. Kf5 Ree3 47. Rxd5+ Kb6 48. Rb1+ Kc6 49. Rc5+ 1-0

[Event "Palma de Mallorca"]
[Site "Palma de Mallorca"]
[Date "2013.02.21"]
[Round "7.4"]
[White "Fejzullahu, Afrim"]
[Black "Barrenechea Bahamonde, Gustavo"]
[Result "1-0"]
[WhiteElo "2268"]
[BlackElo "2198"]
[PlyCount "67"]
[EventDate "2013.02.17"]
[EventType "swiss"]
[EventRounds "9"]
[EventCountry "ESP"]
[SourceTitle "EXT 2024"]
[Source "ChessBase"]
[SourceDate "2023.10.10"]
[SourceVersion "1"]
[SourceVersionDate "2023.10.10"]
[SourceQuality "1"]

1. e4 e5 2. Nf3 Nc6 3. Bb5 a6 4. Ba4 d6 5. 0-0 Bg4 6. h3 h5 7. c3 Qf6 8. d3 Nge7 9. Re1 Bd7 10. Nbd2 g5 11. Nh2 0-0-0 12. Ndf1 Qg6 13. d4 Bg7 14. d5 Nb8 15. Bxd7+ Nxd7 16. b4 f5 17. exf5 Nxf5 18. Ne3 e4 19. Bd2 Nxe3 20. Rxe3 Be5 21. b5 axb5 22. g3 Nc5 23. Rb1 c6 24. c4 bxc4 25. dxc6 bxc6 26. Ra3 d5 27. Bb4 Qd6 28. Ra5 Bxg3 29. Bxc5 Bxf2+ 30. Bxf2 e3 31. Be1 Qf4 32. Qa4 Qd6 33. Ra7 c5 34. Ra8+ 1-0

[Event "Palma de Mallorca"]
[Site "Palma de Mallorca"]
[Date "2013.02.20"]
[Round "5.5"]
[White "Fejzullahu, Afrim"]
[Black "Seps, Monika"]
[Result "1/2-1/2"]
[WhiteElo "2268"]
[BlackElo "2241"]
[PlyCount "60"]
[EventDate "2013.02.17"]
[EventType "swiss"]
[EventRounds "9"]
[EventCountry "ESP"]
[SourceTitle "EXT 2024"]
[Source "ChessBase"]
[SourceDate "2023.10.10"]
[SourceVersion "1"]
[SourceVersionDate "2023.10.10"]
[SourceQuality "1"]

1. e4 c5 2. Nf3 d6 3. c3 Nf6 4. Bd3 Nc6 5. Bc2 Bg4 6. h3 Bxf3 7. Qxf3 g6 8. 0-0 Bg7 9. d3 0-0 10. Nd2 e6 11. Re1 Qc7 12. Nf1 b5 13. Nh2 Kh8 14. Bd2 Rae8 15. Ng4 Ng8 16. Ne3 f5 17. exf5 gxf5 18. a4 a6 19. axb5 axb5 20. Nf1 Ne5 21. Qg3 Nf6 22. f4 Ng6 23. Nh2 Nd5 24. Nf3 Bh6 25. Ng5 Bxg5 26. fxg5 f4 27. Qf2 Ne5 28. Re4 Rf5 29. h4 Ng4 30. Qe2 Ne5 1/2-1/2

[Event "Palma de Mallorca"]
[Site "Palma de Mallorca"]
[Date "2013.02.19"]
[Round "4.1"]
[White "Ivanov, Jordan"]
[Black "Fejzullahu, Afrim"]
[Result "1/2-1/2"]
[WhiteElo "2354"]
[BlackElo "2268"]
[PlyCount "29"]
[EventDate "2013.02.17"]
[EventType "swiss"]
[EventRounds "9"]
[EventCountry "ESP"]
[SourceTitle "EXT 2024"]
[Source "ChessBase"]
[SourceDate "2023.10.10"]
[SourceVersion "1"]
[SourceVersionDate "2023.10.10"]
[SourceQuality "1"]

1. Nf3 Nf6 2. c4 c5 3. Nc3 d6 4. g3 Nc6 5. Bg2 g6 6. 0-0 Bg7 7. d4 cxd4 8. Nxd4 Bd7 9. e3 0-0 10. b3 Rc8 11. Bb2 a6 12. Nd5 Nxd5 13. cxd5 Nxd4 14. Bxd4 Bxd4 15. Qxd4 1/2-1/2

[Event "Bern Albania Independence 100"]
[Site "Bern"]
[Date "2012.12.25"]
[Round "10"]
[White "Fejzullahu, Afrim"]
[Black "Georgiev, Vladimir"]
[Result "1/2-1/2"]
[WhiteElo "2280"]
[BlackElo "2547"]
[PlyCount "48"]
[EventDate "2012.12.21"]
[EventType "tourn"]
[EventRounds "10"]
[EventCountry "SUI"]
[EventCategory "7"]
[SourceTitle "EXT 2014"]
[Source "ChessBase"]
[SourceDate "2013.11.20"]
[SourceVersion "1"]
[SourceVersionDate "2013.11.20"]
[SourceQuality "1"]

1. e4 e5 2. Nf3 Nc6 3. Nc3 Nf6 4. d4 exd4 5. Nxd4 Bb4 6. Nxc6 bxc6 7. Bd3 0-0 8. 0-0 d5 9. exd5 cxd5 10. Bg5 c6 11. Qf3 Bd6 12. Bxf6 Qxf6 13. Qxf6 gxf6 14. Ne2 Re8 15. Rfe1 Re5 16. Nd4 Bd7 17. c3 Rb8 18. b3 c5 19. Nf3 Rxe1+ 20. Rxe1 a5 21. Nh4 a4 22. c4 axb3 23. axb3 Rxb3 24. Bf5 Bxf5 1/2-1/2

[Event "Bern Albania Independence 100"]
[Site "Bern"]
[Date "2012.12.22"]
[Round "4"]
[White "Georgiev, Vladimir"]
[Black "Fejzullahu, Afrim"]
[Result "1-0"]
[WhiteElo "2547"]
[BlackElo "2280"]
[PlyCount "41"]
[EventDate "2012.12.21"]
[EventType "tourn"]
[EventRounds "10"]
[EventCountry "SUI"]
[EventCategory "7"]
[SourceTitle "EXT 2014"]
[Source "ChessBase"]
[SourceDate "2013.11.20"]
[SourceVersion "1"]
[SourceVersionDate "2013.11.20"]
[SourceQuality "1"]

1. d4 c5 2. d5 e5 3. c4 d6 4. Nc3 f5 5. e4 Nf6 6. exf5 Bxf5 7. Nge2 Be7 8. Ng3 Bg6 9. h4 h6 10. h5 Bh7 11. Bd3 Bxd3 12. Qxd3 0-0 13. Qg6 Kh8 14. Nf5 Ne8 15. Ne4 Na6 16. Nxh6 gxh6 17. Qxh6+ Kg8 18. Qg6+ Kh8 19. Rh3 Rf6 20. Nxf6 Nxf6 21. Rf3 1-0